[Event "Sparkassen Chess Trophy 2024 A-Open"]
[Site "Dortmund"]
[Date "2024.08.16"]
[Round "7"]
[White "Albert, Markus"]
[Black "Kruse, Victor"]
[Result "1-0"]
[WhiteElo "2247"]
[BlackElo "2063"]
[PlyCount "59"]
[EventDate "2024.08.10"]

1. Nc3 d5 2. e4 c6 3. Qf3 d4 4. Bc4 e6 5. Nce2 Nd7 6. Qg3 b5 7. Bb3 Nc5 8. d3 Ne7 9. h4 h5 10. Nf3 Nxb3 11. axb3 c5 12. Ne5 Bb7 13. O-O Nc6 14. f4 Qc7 15. Bd2 a6 16. c3 dxc3 17. Bxc3 O-O-O 18. Rfc1 c4 19. bxc4 b4 20. Be1 Nxe5 21. fxe5 Bc5+ 22. Bf2 Bxf2+ 23. Kxf2 Rh6 24. c5 Rg6 25. Qe3 a5 26. c6 Ba6 27. Qc5 Rd5 28. exd5 Qxe5 29. Qf8+ Kc7 30. Qxf7+ {erfasst durch pgnApp - www.pgn-app.com} 1-0

[Event "Sparkassen Chess Trophy 2024 A-Open"]
[Site "Dortmund"]
[Date "2024.08.16"]
[Round "7"]
[White "Lang, Nico"]
[Black "Theisen, Johannes"]
[Result "0-1"]
[WhiteElo "1939"]
[BlackElo "1927"]
[PlyCount "64"]
[EventDate "2024.08.10"]

1. d4 d5 2. e3 Nf6 3. Bd3 c5 4. c3 Nc6 5. f4 Bg4 6. Nf3 e6 7. Nbd2 Bd6 8. h3 Bf5 9. Bxf5 exf5 10. Ne5 O-O 11. g4 Ne4 12. Nxe4 fxe4 13. g5 Bxe5 14. dxe5 b5 15. Qc2 Qd7 16. Qg2 Ne7 17. Bd2 Nf5 18. Rd1 Rfd8 19. Ke2 d4 20. cxd4 cxd4 21. Ba5 d3+ 22. Kd2 Rac8 23. Ke1 Rc2 24. Rd2 Rc1+ 25. Kf2 Nxe3 26. Qxe4 Rxh1 27. Qxh1 Nc4 28. Bxd8 Nxd2 29. Ba5 Qd4+ 30. Ke1 Qe3+ 31. Kd1 Ne4 32. Qg2 Nf2+ {erfasst durch pgnApp - www.pgn-app.com} 0-1

[Event "Sparkassen Chess Trophy 2024 A-Open"]
[Site "Dortmund"]
[Date "2024.08.16"]
[Round "7"]
[White "Tahashi-Knoche, Farzad"]
[Black "Erofeev, Anastasia"]
[Result "0-1"]
[WhiteElo "1960"]
[BlackElo "2030"]
[PlyCount "80"]
[EventDate "2024.08.10"]

1. d4 d5 2. Bf4 Nf6 3. e3 e6 4. Nc3 Bd6 5. Nf3 O-O 6. Ne5 a6 7. g4 Ne4 8. Nxe4 dxe4 9. g5 b5 10. Qh5 Bb7 11. Rg1 Nc6 12. O-O-O Ne7 13. Rg3 g6 14. Qe2 Nf5 15. Rg4 Bd5 16. h4 Ng7 17. h5 Nxh5 18. Rh4 Nxf4 19. exf4 f6 20. gxf6 Qxf6 21. Rg4 Bxe5 22. dxe5 Qe7 23. Bg2 Qb4 24. Qe3 Rad8 25. a3 Qc4 26. b3 Qc6 27. Qg3 Rd7 28. Kb2 Bxb3 29. Rc1 Bd5 30. Bf1 Qb6 31. Be2 b4 32. a4 Qd4+ 33. Kb1 Qd2 34. Rg1 Rg7 35. Bxa6 b3 36. cxb3 Rb8 37. Bb5 c6 38. f5 c5 39. fxg6 h6 40. a5 Rc8 {erfasst durch pgnApp - www.pgn-app.com} 0-1

[Event "Sparkassen Chess Trophy 2024 A-Open"]
[Site "Dortmund"]
[Date "2024.08.16"]
[Round "7"]
[White "Thieu, Nguyen Gia Bao"]
[Black "Ruhmann, Gabriel"]
[Result "1-0"]
[WhiteElo "1904"]
[BlackElo "1847"]
[PlyCount "61"]
[EventDate "2024.08.10"]

1. e4 g6 2. d4 Bg7 3. Nc3 d6 4. Be3 Nc6 5. Qd2 e5 6. Nge2 Nf6 7. h3 O-O 8. d5 Ne7 9. O-O-O b5 10. f3 b4 11. Nb1 a5 12. g4 Nd7 13. h4 Nb6 14. Ng3 Ba6 15. Bxa6 Rxa6 16. Qe2 Ra8 17. h5 a4 18. hxg6 fxg6 19. Qh2 Nc4 20. Qxh7+ Kf7 21. Bh6 Rg8 22. f4 Ne3 23. fxe5 Nxg4 24. Rdf1+ Nf5 25. Nxf5 gxf5 26. Rxf5+ Ke7 27. Bg5+ Kd7 28. Bxd8 Raxd8 29. Rf7+ Kc8 30. Rxg7 Nxe5 31. Rxc7+ {erfasst durch pgnApp - www.pgn-app.com} 1-0

[Event "Sparkassen Chess Trophy 2024 A-Open"]
[Site "Dortmund"]
[Date "2024.08.16"]
[Round "7"]
[White "Spickermann, Sven"]
[Black "Stoll, Lucia"]
[Result "1-0"]
[WhiteElo "1920"]
[BlackElo "1984"]
[PlyCount "119"]
[EventDate "2024.08.10"]

1. e4 c5 2. Nf3 d6 3. d4 cxd4 4. Nxd4 Nf6 5. Nc3 a6 6. Be2 e5 7. Nb3 Be7 8. O-O b5 9. a3 O-O 10. Be3 Be6 11. f4 exf4 12. Bxf4 Nc6 13. Nd4 Ne5 14. Kh1 Qc7 15. Nf5 Rfd8 16. Nxe7+ Qxe7 17. Bg5 Ned7 18. Qd4 Rac8 19. Qa7 Ra8 20. Qc7 Kf8 21. Rad1 h6 22. Bxf6 Nxf6 23. Qxe7+ Kxe7 24. Nd5+ Bxd5 25. exd5 Rac8 26. c3 Rc5 27. Bf3 Nd7 28. Rd4 Ne5 29. Be2 Rb8 30. Kg1 a5 31. Rf2 g6 32. Bf1 h5 33. h3 Kf8 34. Rfd2 Kg7 35. Kf2 Rc7 36. a4 Nc4 37. Rc2 Rc5 38. axb5 Nb6 39. c4 Rbc8 40. Bd3 Kf6 41. b3 a4 42. bxa4 Nxa4 43. Rf4+ Ke7 44. Re2+ Kf8 45. Bxg6 R8c7 46. Bd3 Nc3 47. Re1 Ra7 48. Rf6 Ra2+ 49. Kg1 Rd2 50. Bf1 Rd1 51. Rxd1 Nxd1 52. Rxd6 Ne3 53. Rc6 Rxc6 54. dxc6 Ke7 55. Kf2 Nf5 56. Bd3 Nd4 57. Ke3 Ne6 58. b6 Kd8 59. c7+ Kc8 60. Bf5 {erfasst durch pgnApp - www.pgn-app.com} 1-0

[Event "Sparkassen Chess Trophy 2024 A-Open"]
[Site "Dortmund"]
[Date "2024.08.16"]
[Round "7"]
[White "Zhuikov, Edgard"]
[Black "Scholz, Benedict"]
[Result "0-1"]
[WhiteElo "1923"]
[BlackElo "1990"]
[PlyCount "208"]
[EventDate "2024.08.10"]

1. e4 c5 2. d4 cxd4 3. c3 Nf6 4. e5 Nd5 5. Bc4 Nb6 6. Bb3 e6 7. cxd4 d6 8. Nf3 dxe5 9. Nxe5 Nc6 10. Nxc6 bxc6 11. O-O Be7 12. Bf4 O-O 13. Nc3 Ba6 14. Re1 Bc4 15. Bc2 Rc8 16. Qh5 g6 17. Qh6 Re8 18. Be5 Bf8 19. Qh3 f6 20. Bg3 f5 21. Be5 Bg7 22. Rad1 Qe7 23. Qg3 Qb4 24. b3 Bxe5 25. dxe5 Bd5 26. Ne2 Re7 27. Nf4 Rg7 28. Bd3 a5 29. Qg5 a4 30. Ba6 Re8 31. Re3 Qa3 32. Bc4 Qxa2 33. Bxd5 Nxd5 34. Nxd5 cxd5 35. bxa4 Qxa4 36. Red3 Rc7 37. h3 Rc2 38. h4 Qg4 39. Qf6 Qe2 40. Kh2 Qxf2 41. Rg3 Qf4 42. Rd4 Qh6 43. h5 Qg7 44. hxg6 Qxf6 45. gxh7+ Kxh7 46. exf6 Rc4 47. Rxc4 dxc4 48. Rg7+ Kh6 49. Rc7 Kg6 50. f7 Rf8 51. Rxc4 Rxf7 52. Kg3 Kf6 53. Kf3 Kg5 54. Rc8 Ra7 55. Re8 Ra3+ 56. Kf2 Kf6 57. g3 Ke5 58. Rb8 Rd3 59. Rb6 Kd5 60. Ra6 e5 61. Ra4 Rd4 62. Ra3 Rc4 63. Ke3 Rg4 64. Ra5+ Ke6 65. Ra6+ Kf7 66. Kf3 Ke7 67. Rb6 Rd4 68. Ra6 Rd6 69. Ra7+ Kf6 70. Ra8 Rd3+ 71. Kf2 e4 72. Ra5 Ke6 73. Ra8 Rf3+ 74. Kg2 Ke5 75. Ra5+ Kf6 76. Ra6+ Kg5 77. Ra8 Rd3 78. Rg8+ Kf6 79. Ra8 Rd2+ 80. Kh3 e3 81. Re8 Re2 82. Ra8 Ke5 83. Ra5+ Ke4 84. Ra4+ Kd3 85. g4 Rf2 86. gxf5 e2 87. Ra3+ Ke4 88. Ra4+ Kxf5 89. Ra5+ Ke4 90. Ra4+ Kd3 91. Ra3+ Kc2 92. Ra2+ Kb3 93. Kg3 e1=Q 94. Rxf2 Kc3 95. Kf3 Kd3 96. Kg2 Qe4+ 97. Kg3 Ke3 98. Rg2 Qf4+ 99. Kh3 Qh6+ 100. Kg3 Qh5 101. Rg1 Qg5+ 102. Kh2 Qh4+ 103. Kg2 Ke2 104. Rh1 Qg4+ {erfasst durch pgnApp - www.pgn-app.com} 0-1

[Event "Sparkassen Chess Trophy 2024 A-Open"]
[Site "Dortmund"]
[Date "2024.08.16"]
[Round "7"]
[White "Madera, Mateusz"]
[Black "Thompson, Ian D"]
[Result "1/2-1/2"]
[WhiteElo "1921"]
[BlackElo "2003"]
[PlyCount "87"]
[EventDate "2024.08.10"]

1. e4 e6 2. Nf3 d5 3. Nc3 Nf6 4. e5 Nfd7 5. d4 c5 6. dxc5 Nc6 7. Bf4 Bxc5 8. Bd3 a6 9. O-O Be7 10. h3 Nc5 11. Re1 O-O 12. Ne2 f5 13. Nfd4 Bd7 14. Nxc6 bxc6 15. c4 a5 16. Bc2 Qb8 17. cxd5 cxd5 18. Rb1 Ne4 19. f3 Qa7+ 20. Kh2 Nc5 21. Be3 Qc7 22. Bd4 Rac8 23. Rc1 Qd8 24. Qd2 Bb5 25. Nc3 Ba6 26. Na4 Nxa4 27. Bxa4 Bb4 28. Bc3 Qe7 29. Bxb4 axb4 30. Qd4 Rc4 31. Rxc4 Bxc4 32. b3 Ba6 33. Qb6 Bb7 34. Bc6 Bxc6 35. Qxc6 h6 36. Rc1 Kh7 37. f4 Rd8 38. Qb6 Rd7 39. Rc6 Qh4 40. Qe3 d4 41. Qd2 Qe7 42. Qd3 Rd5 43. Rc4 Qa7 44. Rxb4 {erfasst durch pgnApp - www.pgn-app.com} 1/2-1/2

[Event "Sparkassen Chess Trophy 2024 A-Open"]
[Site "Dortmund"]
[Date "2024.08.16"]
[Round "7"]
[White "Kantor, Nikita"]
[Black "Heinzel, Thomas"]
[Result "1-0"]
[WhiteElo "1971"]
[BlackElo "1866"]
[PlyCount "131"]
[EventDate "2024.08.10"]

1. e4 c5 2. Nc3 Nc6 3. Bb5 Nd4 4. Nf3 a6 5. Bd3 g6 6. b4 d6 7. Nxd4 cxd4 8. Ne2 Bg7 9. Bb2 e5 10. O-O Nf6 11. c3 dxc3 12. dxc3 d5 13. exd5 Nxd5 14. Qb3 Nb6 15. Rad1 Qc7 16. c4 Be6 17. Qc3 Na4 18. Qc2 Nxb2 19. Qxb2 O-O 20. Qc2 e4 21. Bxe4 Qxc4 22. Qxc4 Bxc4 23. Rfe1 Rfe8 24. Bf3 Rab8 25. Nf4 Kf8 26. Rxe8+ Kxe8 27. Bd5 Bxd5 28. Nxd5 Rc8 29. Kf1 Kf8 30. Ke2 Rc2+ 31. Rd2 Rxd2+ 32. Kxd2 Bd4 33. f3 Ke8 34. Kd3 Bg1 35. h3 h5 36. Ke4 Kd7 37. Ke5 Bh2+ 38. Kf6 Ke8 39. g4 hxg4 40. fxg4 Bg3 41. Nc3 Bh4+ 42. g5 Bf2 43. Ne2 Be1 44. a3 a5 45. bxa5 Bxa5 46. Ke5 Bd2 47. Nf4 Kd7 48. h4 b5 49. Nd3 Bc3+ 50. Kd5 f5 51. Ne5+ Bxe5 52. Kxe5 Ke7 53. Kd5 Kd7 54. Kc5 Ke6 55. Kxb5 Kd5 56. Kb4 f4 57. Kc3 Ke4 58. h5 Kf3 59. hxg6 Kg2 60. g7 f3 61. g6 f2 62. g8=Q f1=Q 63. Qd5+ Kg1 64. Qc5+ Kg2 65. Qd5+ Kg1 66. Qd4+ {erfasst durch pgnApp - www.pgn-app.com} 1-0

[Event "Sparkassen Chess Trophy 2024 A-Open"]
[Site "Dortmund"]
[Date "2024.08.16"]
[Round "7"]
[White "Weisskopf, Lutz"]
[Black "Stoll, Thomas"]
[Result "0-1"]
[WhiteElo "2026"]
[BlackElo "1978"]
[PlyCount "114"]
[EventDate "2024.08.10"]

1. e4 e5 2. Nf3 Nc6 3. Bb5 a6 4. Ba4 Nf6 5. O-O Be7 6. Re1 b5 7. Bb3 O-O 8. a4 Bb7 9. c3 d5 10. exd5 Nxd5 11. axb5 axb5 12. Rxa8 Bxa8 13. Nxe5 Nxe5 14. Rxe5 Nf4 15. d4 Nxg2 16. Qg4 Nh4 17. Nd2 Ng6 18. Rh5 Bd6 19. Nf3 Qe7 20. Be3 Qe4 21. Qxe4 Bxe4 22. Ng5 Bc6 23. Nxh7 Ra8 24. f3 Ra1+ 25. Kf2 Rb1 26. Bxf7+ Kxf7 27. d5 Rxb2+ 28. Kg1 Bd7 29. Ng5+ Kg8 30. Ne6 Bxe6 31. dxe6 Re2 32. Bd4 Rxe6 33. Rxb5 Nf4 34. Kf1 Rh6 35. c4 Rxh2 36. c5 Be7 37. Be5 Rh4 38. Bxc7 Ne6 39. Bd6 Bxd6 40. cxd6 Rd4 41. Rb6 Kf7 42. Kf2 Kf6 43. Ke3 Ke5 44. Rb5+ Rd5 45. f4+ Nxf4 46. Rb7 Ne6 47. d7 Nd8 48. Ra7 Ke6 49. Kf4 Rxd7 50. Ra6+ Kf7 51. Kf5 Rd5+ 52. Ke4 Rb5 53. Ra7+ Kf6 54. Ra6+ Ne6 55. Kf3 g5 56. Ra4 Kf5 57. Ra3 Rb3+ {erfasst durch pgnApp - www.pgn-app.com} 0-1

[Event "Sparkassen Chess Trophy 2024 A-Open"]
[Site "Dortmund"]
[Date "2024.08.16"]
[Round "7"]
[White "Harringer, Manfred"]
[Black "Krueger, Andre"]
[Result "1/2-1/2"]
[WhiteElo "1963"]
[BlackElo "2018"]
[PlyCount "39"]
[EventDate "2024.08.10"]

1. e4 c5 2. Nf3 e6 3. g3 d5 4. exd5 exd5 5. d4 cxd4 6. Nxd4 Nc6 7. Bg2 Bc5 8. Nxc6 bxc6 9. O-O Ne7 10. Nc3 O-O 11. a3 Bd6 12. b3 Be6 13. Bb2 f6 14. Re1 Bf7 15. Qd2 Qc7 16. Rad1 Rfd8 17. Bh3 h6 18. Bg2 Kf8 19. f4 Bh5 20. Rc1 {Erfassung abgebrochen - unleserlich; erfasst durch pgnApp - www.pgn-app.com} 1/2-1/2

[Event "Sparkassen Chess Trophy 2024 A-Open"]
[Site "Dortmund"]
[Date "2024.08.16"]
[Round "7"]
[White "Riechenberg, Maximilian"]
[Black "Mader, Fabian"]
[Result "0-1"]
[WhiteElo "1981"]
[BlackElo "2019"]
[PlyCount "76"]
[EventDate "2024.08.10"]

1. e4 c5 2. Nf3 Nc6 3. Bb5 Nf6 4. Nc3 d6 5. d4 cxd4 6. Nxd4 Bd7 7. h3 g6 8. Be3 Bg7 9. Qd2 a6 10. Be2 b5 11. a3 Rc8 12. O-O O-O 13. f4 Na5 14. Rad1 Nc4 15. Bxc4 Rxc4 16. e5 Ne8 17. Nf3 Be6 18. Nd4 dxe5 19. fxe5 Bxe5 20. Nxe6 Qxd2 21. Bxd2 fxe6 22. Rxf8+ Kxf8 23. Re1 Bd4+ 24. Kf1 e5 25. Ke2 Nf6 26. Kd3 Kf7 27. b3 Rc6 28. Ne4 Nxe4 29. Rxe4 Rd6 30. Bb4 Rd8 31. Re2 Ke6 32. c4 Bb6+ 33. Kc3 a5 34. cxb5 axb4+ 35. Kxb4 Rd4+ 36. Kc3 Kd5 37. b4 Bc7 38. a4 Bd6 {erfasst durch pgnApp - www.pgn-app.com} 0-1

[Event "Sparkassen Chess Trophy 2024 A-Open"]
[Site "Dortmund"]
[Date "2024.08.16"]
[Round "7"]
[White "Berresheim, Nils"]
[Black "Schloesser, Alexander"]
[Result "1/2-1/2"]
[WhiteElo "1838"]
[BlackElo "1975"]
[PlyCount "51"]
[EventDate "2024.08.10"]

1. d4 d5 2. c4 c6 3. Nc3 Nf6 4. Bg5 dxc4 5. e3 b5 6. a4 b4 7. Nb1 Ne4 8. Bf4 Be6 9. Qc2 Qd5 10. Ne2 Nd6 11. Bxd6 Qxd6 12. Nf4 Bd5 13. Bxc4 Bxc4 14. Qxc4 Nd7 15. Nd2 e5 16. dxe5 Nxe5 17. Qe4 Be7 18. Rd1 Rd8 19. O-O O-O 20. Qc2 Qb8 21. Ne4 Qb6 22. Ng3 Ng6 23. Nfh5 Rfe8 24. Nf5 Bf8 25. Nhg3 c5 26. b3 {erfasst durch pgnApp - www.pgn-app.com} 1/2-1/2

[Event "Sparkassen Chess Trophy 2024 A-Open"]
[Site "Dortmund"]
[Date "2024.08.16"]
[Round "7"]
[White "Thiemann, Marc"]
[Black "Karaissaridis, Christos"]
[Result "1/2-1/2"]
[WhiteElo "1974"]
[BlackElo "1902"]
[PlyCount "111"]
[EventDate "2024.08.10"]

1. e4 d6 2. d4 Nf6 3. Nc3 g6 4. Bc4 Bg7 5. Qe2 Nc6 6. e5 Ng4 7. Bb5 O-O 8. Bxc6 bxc6 9. h3 Nh6 10. Nf3 a5 11. Bg5 f6 12. Bxh6 Bxh6 13. Qc4+ Kh8 14. Qxc6 Rb8 15. exd6 exd6 16. Nd1 Rb6 17. Qc3 Re8+ 18. Kf1 Qe7 19. Ne3 Bxe3 20. Re1 Ba6+ 21. Kg1 Bxf2+ 22. Kxf2 Qf7 23. d5 Rbb8 24. Qd4 Kg8 25. b3 Bb5 26. c4 Bd7 27. Qc3 a4 28. Nd4 axb3 29. axb3 Re5 30. Re3 Ra8 31. Rhe1 h5 32. Nf3 Ra2+ 33. R1e2 Rxe2+ 34. Kxe2 Re7 35. Rxe7 Qxe7+ 36. Qe3 Qf7 37. Qa7 Bf5 38. Qb8+ Kg7 39. Qd8 Qd7 40. Qxd7+ Bxd7 41. Nd4 Kf7 42. Ke3 h4 43. b4 f5 44. Nc6 Kf6 45. b5 g5 46. Nb8 Bc8 47. Na6 Ke5 48. Nxc7 g4 49. hxg4 fxg4 50. Ne8 h3 51. gxh3 gxh3 52. Kf3 Kd4 53. Nxd6 Bg4+ 54. Kxg4 h2 55. Nf5+ Kxc4 56. Ng3 {erfasst durch pgnApp - www.pgn-app.com} 1/2-1/2

[Event "Sparkassen Chess Trophy 2024 A-Open"]
[Site "Dortmund"]
[Date "2024.08.16"]
[Round "7"]
[White "Jess, Stefan"]
[Black "Oest, Thorsten"]
[Result "0-1"]
[WhiteElo "1920"]
[BlackElo "1977"]
[PlyCount "76"]
[EventDate "2024.08.10"]

1. e4 c5 2. Nf3 d6 3. d4 cxd4 4. Nxd4 Nf6 5. Nc3 a6 6. Bg5 e6 7. f4 Nbd7 8. Qf3 Qc7 9. O-O-O b5 10. Bd3 Bb7 11. g4 Be7 12. Nce2 Rc8 13. Rhf1 O-O 14. Bxf6 Bxf6 15. g5 Bxd4 16. Nxd4 Nc5 17. Rf2 Nxd3+ 18. Qxd3 Qc4 19. Qxc4 Rxc4 20. e5 dxe5 21. fxe5 Rfc8 22. a3 g6 23. c3 R4c5 24. Nxe6 fxe6 25. Rd7 R5c7 26. Rff7 Rxd7 27. Rxd7 Bd5 28. h4 a5 29. Ra7 a4 30. Rd7 Rf8 31. Kd2 Rf7 32. Rd8+ Kg7 33. Ke3 h6 34. gxh6+ Kxh6 35. Rh8+ Kg7 36. Rc8 Rf3+ 37. Kd4 Rf4+ 38. Kc5 Rc4+ {erfasst durch pgnApp - www.pgn-app.com} 0-1

[Event "Sparkassen Chess Trophy 2024 A-Open"]
[Site "Dortmund"]
[Date "2024.08.16"]
[Round "7"]
[White "Conrad, Joachim"]
[Black "Van Amerongen-Jansen, Peggy"]
[Result "1/2-1/2"]
[WhiteElo "1994"]
[BlackElo "1931"]
[PlyCount "34"]
[EventDate "2024.08.10"]

1. d4 d5 2. Nf3 Nf6 3. e3 c5 4. c3 Nbd7 5. Bd3 g6 6. Nbd2 Bg7 7. O-O O-O 8. b3 b6 9. Bb2 Bb7 10. Qe2 Ne4 11. Rfd1 Nxd2 12. Rxd2 e5 13. dxe5 Nxe5 14. Nxe5 Bxe5 15. Ba6 Bc6 16. Rad1 Qf6 17. Rc2 Rad8 {erfasst durch pgnApp - www.pgn-app.com} 1/2-1/2

[Event "Sparkassen Chess Trophy 2024 A-Open"]
[Site "Dortmund"]
[Date "2024.08.16"]
[Round "7"]
[White "Janssen, Thorben"]
[Black "Xue, Luka"]
[Result "0-1"]
[WhiteElo "1920"]
[BlackElo "1992"]
[PlyCount "124"]
[EventDate "2024.08.10"]

1. e4 e5 2. Bc4 Nc6 3. Nc3 Bc5 4. Qg4 Nd4 5. Qxg7 Qf6 6. Qxf6 Nxf6 7. Bd3 Rg8 8. g3 a6 9. Nce2 Ne6 10. f3 b5 11. a4 b4 12. Bc4 Bb7 13. Bxe6 fxe6 14. d3 O-O-O 15. Bd2 Rdf8 16. O-O-O d5 17. Nh3 Nd7 18. Rhf1 Rf6 19. Rde1 Rgf8 20. Neg1 a5 21. Bg5 Rg6 22. Bd2 Rgf6 23. Bg5 Rg6 24. f4 h6 25. Bh4 dxe4 26. dxe4 Ba6 27. Rf3 Bxg1 28. Nxg1 exf4 29. Rxf4 Rxf4 30. gxf4 Rg2 31. Bg3 Nc5 32. Nf3 b3 33. Nd2 bxc2 34. Kxc2 Nd3 35. Rd1 h5 36. f5 exf5 37. exf5 h4 38. Bxh4 Rxh2 39. Bf6 Nb4+ 40. Kb3 Bd3 41. Kc3 Be2 42. Re1 Nd5+ 43. Kd4 Nxf6 44. Ke5 Nd7+ 45. Kf4 Bd3 46. Re8+ Kb7 47. Rd8 Bxf5 48. Nc4 Be6 49. Nxa5+ Kb6 50. Re8 Nc5 51. Rb8+ Kxa5 52. b4+ Kxa4 53. bxc5 c6 54. Ke5 Bd5 55. Kd6 Rh6+ 56. Kc7 Rh4 57. Kd6 Rb4 58. Ra8+ Kb5 59. Ra1 Be4 60. Rd1 Rc4 61. Re1 Bc2 62. Re8 Rd4+ {erfasst durch pgnApp - www.pgn-app.com} 0-1

[Event "Sparkassen Chess Trophy 2024 A-Open"]
[Site "Dortmund"]
[Date "2024.08.16"]
[Round "7"]
[White "Stegert, Jonas"]
[Black "Lishoy Gengis Paratazham, Dildara"]
[Result "0-1"]
[WhiteElo "1945"]
[BlackElo "1962"]
[PlyCount "56"]
[EventDate "2024.08.10"]

1. d4 d6 2. c4 e5 3. d5 f5 4. Nc3 Nf6 5. f3 Be7 6. e4 fxe4 7. fxe4 O-O 8. Nf3 Kh8 9. Be2 c6 10. Be3 Ng4 11. Bg1 Na6 12. Qd2 Bd7 13. h3 Bh4+ 14. Kd1 Nf2+ 15. Bxf2 Bxf2 16. a3 Nc5 17. Kc2 cxd5 18. cxd5 Rc8 19. Bd3 Bd4 20. Raf1 Bxc3 21. bxc3 Ba4+ 22. Kb1 Qb6+ 23. Ka2 Qb3+ 24. Ka1 Qxa3+ 25. Kb1 Qb3+ 26. Ka1 Nxd3 27. Qxd3 Bb5 28. Qb1 Qxc3+ {erfasst durch pgnApp - www.pgn-app.com} 0-1

[Event "Sparkassen Chess Trophy 2024 A-Open"]
[Site "Dortmund"]
[Date "2024.08.16"]
[Round "7"]
[White "Blomer, Moritz"]
[Black "Slanina, Aaron"]
[Result "0-1"]
[WhiteElo "1939"]
[BlackElo "2001"]
[PlyCount "82"]
[EventDate "2024.08.10"]

1. Nf3 Nf6 2. g3 c5 3. Bg2 g6 4. c3 Bg7 5. d4 cxd4 6. cxd4 O-O 7. O-O d5 8. Nc3 Nc6 9. Ne5 Be6 10. Nxc6 bxc6 11. Na4 Rc8 12. b3 Bf5 13. Ba3 Re8 14. Rc1 h5 15. Qd2 Ne4 16. Bxe4 Bxe4 17. Nc5 Bf5 18. Bb4 Qd6 19. Na6 Qf6 20. Bc5 e5 21. Rfd1 e4 22. Rc3 Kh7 23. f4 exf3 24. exf3 Qe6 25. Bxa7 Qe2 26. Qxe2 Rxe2 27. Nb4 Bh6 28. f4 Be4 29. Rxc6 Rxc6 30. Nxc6 Rxa2 31. Bc5 Rg2+ 32. Kf1 Rxh2 33. b4 h4 34. gxh4 Bxf4 35. Ne5 Kg7 36. Ng4 Rh1+ 37. Ke2 Rxd1 38. Kxd1 Bf3+ 39. Kc2 Bxg4 40. b5 Kf6 41. b6 Bc8 {erfasst durch pgnApp - www.pgn-app.com} 0-1

[Event "Sparkassen Chess Trophy 2024 A-Open"]
[Site "Dortmund"]
[Date "2024.08.16"]
[Round "7"]
[White "Brunetti, Alberto Fakhri"]
[Black "Holzwarth, Felix"]
[Result "0-1"]
[WhiteElo "1942"]
[BlackElo "1991"]
[PlyCount "160"]
[EventDate "2024.08.10"]

1. d4 Nf6 2. c4 g6 3. Nf3 Bg7 4. g3 O-O 5. Bg2 Nc6 6. d5 Na5 7. Qc2 b5 8. cxb5 Nxd5 9. Bd2 c6 10. e4 Nf6 11. Qa4 Nb7 12. Nc3 Nc5 13. Qc4 d6 14. Nd4 cxb5 15. Ndxb5 Bb7 16. O-O a6 17. Na3 Rc8 18. Qe2 d5 19. exd5 Nxd5 20. Rac1 Ne6 21. Rfd1 Nd4 22. Qf1 Nxc3 23. Bxc3 Bxg2 24. Qxg2 Qb6 25. Qe4 f5 26. Bxd4 Bxd4 27. Qe2 Rxc1 28. Rxc1 Qxb2 29. Qc4+ Rf7 30. Rc2 Bxf2+ 31. Kxf2 Qxa3 32. Qd4 Rf6 33. Rc8+ Kg7 34. Qc4 Qb2+ 35. Kg1 Qb1+ 36. Kf2 Qe4 37. Rg8+ Kh6 38. Qxe4 fxe4+ 39. Ke3 Re6 40. a4 Kg5 41. h3 Kf5 42. Rb8 Rc6 43. Rb3 Rc4 44. g4+ Kg5 45. a5 Ra4 46. Rb7 Rxa5 47. Kxe4 Ra4+ 48. Kf3 Ra3+ 49. Kg2 Re3 50. Ra7 Kh4 51. Rxa6 Rg3+ 52. Kf2 Kxh3 53. Re6 Kxg4 54. Rxe7 Rf3+ 55. Kg2 h5 56. Rg7 Rf6 57. Ra7 g5 58. Ra4+ Rf4 59. Ra2 Kh4 60. Rb2 Rf5 61. Rb4+ g4 62. Rb2 Ra5 63. Rc2 Kg5 64. Rb2 h4 65. Rc2 h3+ 66. Kg3 Ra3+ 67. Kh2 Kh4 68. Rc4 Ra2+ 69. Kh1 Rf2 70. Kg1 Re2 71. Rb4 Kg3 72. Rb3+ Kf4 73. Rb4+ Re4 74. Rb8 g3 75. Rf8+ Ke3 76. Rh8 Kf3 77. Rf8+ Rf4 78. Rh8 h2+ 79. Kh1 g2+ 80. Kxh2 Kf2 {erfasst durch pgnApp - www.pgn-app.com} 0-1

[Event "Sparkassen Chess Trophy 2024 A-Open"]
[Site "Dortmund"]
[Date "2024.08.16"]
[Round "7"]
[White "Sprenger de la Iglesia, Yevgeni"]
[Black "Ravikumar, Pranava"]
[Result "0-1"]
[WhiteElo "1973"]
[BlackElo "1991"]
[PlyCount "98"]
[EventDate "2024.08.10"]

1. d4 f5 2. c4 Nf6 3. Nf3 e6 4. g3 d5 5. Nc3 c6 6. Bf4 Be7 7. e3 O-O 8. Bd3 Ne4 9. h4 Nd7 10. Kf1 b6 11. Kg2 Bf6 12. cxd5 exd5 13. Qb3 Kh8 14. h5 Bb7 15. Be2 Qe7 16. Rae1 Rfe8 17. Nh4 Qe6 18. Nxe4 fxe4 19. Qd1 Bxh4 20. Bg4 Qe7 21. Bxd7 Qxd7 22. Rxh4 Bc8 23. Rg1 Qe7 24. a3 Be6 25. Rgh1 Kg8 26. g4 Rac8 27. R4h3 c5 28. Rg3 c4 29. g5 Bf5 30. Be5 c3 31. Qb3 cxb2 32. Qxb2 Rc4 33. Rc1 Rec8 34. Rxc4 Rxc4 35. Qb5 Qd7 36. Qxd7 Bxd7 37. h6 g6 38. f3 Bf5 39. fxe4 Bxe4+ 40. Kf2 Rc2+ 41. Ke1 Kf7 42. Bd6 Ke6 43. Bf8 a5 44. Rg4 Bf5 45. Rg3 Rc8 46. Bg7 Be4 47. Kd2 b5 48. Rg1 Rc2+ 49. Ke1 b4 {erfasst durch pgnApp - www.pgn-app.com} 0-1

[Event "Sparkassen Chess Trophy 2024 A-Open"]
[Site "Dortmund"]
[Date "2024.08.16"]
[Round "7"]
[White "Pfaltz, Maximilian"]
[Black "Brieger, Sebastian"]
[Result "1-0"]
[WhiteElo "2061"]
[BlackElo "1946"]
[PlyCount "163"]
[EventDate "2024.08.10"]

1. e4 c5 2. Nf3 e6 3. d4 cxd4 4. Nxd4 Nc6 5. Nc3 Qc7 6. Be3 a6 7. g4 b5 8. Nxc6 Qxc6 9. Qd4 Bb7 10. f3 Rc8 11. Be2 h5 12. g5 b4 13. Nd1 d5 14. Bd3 Qc7 15. c3 e5 16. Qb6 Qxb6 17. Bxb6 bxc3 18. bxc3 dxe4 19. Bxe4 Bxe4 20. fxe4 f6 21. O-O Be7 22. Ne3 Kf7 23. Nd5 Kg6 24. gxf6 Bxf6 25. Rf3 Ne7 26. Rxf6+ gxf6 27. Nxe7+ Kg5 28. Nxc8 Rxc8 29. Ba5 Rc4 30. Re1 Ra4 31. Bd8 Kf4 32. Bxf6 Rxa2 33. Rf1+ Kxe4 34. Re1+ Kf3 35. Bxe5 a5 36. Rc1 Ke4 37. Bd6 Kd5 38. Bf8 Kc4 39. Bg7 a4 40. Rb1 Kd3 41. Rb5 h4 42. Rh5 a3 43. Rxh4 Rc2 44. Ra4 a2 45. c4 Ke3 46. Ra3+ Kf4 47. Bh8 Kg4 48. c5 Kf4 49. c6 Rc1+ 50. Kg2 Rc2+ 51. Kh3 Rxc6 52. Bb2 Rh6+ 53. Kg2 Rg6+ 54. Kf1 Rd6 55. Rxa2 Rd1+ 56. Ke2 Rh1 57. Ra4+ Kf5 58. Rh4 Kg5 59. Rh3 Kg6 60. Bc3 Rc1 61. Bd2 Rh1 62. Kf2 Rd1 63. Be3 Rb1 64. Kg2 Rb2+ 65. Bf2 Rc2 66. Ra3 Re2 67. h3 Rc2 68. Kg3 Rd2 69. Rf3 Ra2 70. Kg4 Ra4+ 71. Rf4 Ra2 72. h4 Ra5 73. Rb4 Ra2 74. Bg3 Ra6 75. Rd4 Ra5 76. Rd6+ Kh7 77. h5 Rb5 78. Re6 Rb1 79. Re7+ Kg8 80. h6 Rh1 81. Bh4 Rg1+ 82. Kf5 {erfasst durch pgnApp - www.pgn-app.com} 1-0

[Event "Sparkassen Chess Trophy 2024 A-Open"]
[Site "Dortmund"]
[Date "2024.08.16"]
[Round "7"]
[White "Prueske, Wolfgang"]
[Black "Linde, Wolfgang"]
[Result "0-1"]
[WhiteElo "1970"]
[BlackElo "2070"]
[PlyCount "120"]
[EventDate "2024.08.10"]

1. d4 d5 2. Nf3 Nf6 3. Bf4 e6 4. e3 Bd6 5. Nbd2 O-O 6. Bd3 c5 7. c3 b6 8. Qe2 Bb7 9. O-O Ne4 10. Rfd1 Qe7 11. Bxd6 Nxd6 12. dxc5 bxc5 13. e4 Nc6 14. Qe3 dxe4 15. Nxe4 Nxe4 16. Bxe4 Rfd8 17. h3 h6 18. Re1 Rac8 19. Rad1 Kf8 20. Rd2 Rxd2 21. Qxd2 Rd8 22. Qe3 Ke8 23. Nd2 Na5 24. Bxb7 Nxb7 25. Nc4 Rd5 26. Qg3 Nd6 27. Nxd6+ Qxd6 28. Qxd6 Rxd6 29. Re2 Rd1+ 30. Kh2 Kd7 31. Kg3 Kd6 32. c4 Rd4 33. Rc2 Rd3+ 34. f3 a5 35. Kf2 e5 36. Ke2 Rd4 37. b3 f5 38. g3 h5 39. Rc1 g5 40. Rf1 Ke6 41. Rb1 h4 42. g4 f4 43. a3 e4 44. fxe4 Rxe4+ 45. Kf2 Re3 46. Kg2 Ke5 47. b4 cxb4 48. axb4 a4 49. b5 Rb3 50. Ra1 a3 51. b6 Kd6 52. c5+ Kc6 53. Kf2 Rxh3 54. Ke2 Rh2+ 55. Kd3 a2 56. Kc3 Rg2 57. Re1 f3 58. Kc4 Rc2+ 59. Kb3 Re2 60. Rd1 f2 {erfasst durch pgnApp - www.pgn-app.com} 0-1